Представление документа в формате MARC21

Поле Инд. ПП Название Значение
Тип записи a
Библиографический уровень m
001 Контрольный номер 6ec230da-7755-428f-a3f4-8b25c1ab796c
005 Дата корректировки 20230421122908.6
008 Кодируемые данные 050506
020 a ISBN 5-8199-0164-9 (ФОРУМ)
020 a ISBN 5-16-002277-5 (ИНФРА-М)
040 a Служба первич. каталог. НБ ТвГУ
041 0_ a Код языка текста rus
080 a Индекс УДК 316(075.32)
a Индекс УДК 32(075.32)
084 a Индекс другой классификации/Индекс ББК С5я723-1
a Индекс другой классификации/Индекс ББК Ф0я723-1
090 x Авторский знак К59
a Полочн. индекс С5
100 1_ a Автор Козырев Геннадий Иванович
245 10 a Заглавие Основы социологии и политологии
b Продолж. заглавия учеб. для студентов учреждений сред. проф. образования
c Ответственность Г. И. Козырев
260 0_ a Место издания Москва
c Дата издания 2005
b Издательство ФОРУМ
b Издательство ИНФРА-М
300 a Объем 239 с.
440 _0 a Серия Профессиональное образование
504 a Библиография Библиогр.: с. 219-220 и в подстроч. примеч.
650 04 a Основная рубрика Социология
x Основная подрубрика Учебники для средних специальных учебных заведений
650 04 a Основная рубрика Политология
653 0_ a Ключевые слова Социология
a Ключевые слова Политология
852 41 i Расстановочный признак Проверка 2023
920 a Оператор Хохл
930 a Новая/Ретро учебники
952 c Вид литературы К ру
954 a Дата поступления на обработку 20050516
e Дата перешифровки 20230421